000 00254nam a22001217a 4500
040 _cHS
082 _a551
100 _aGRANT GROSS
245 _aOceanography a view of the earth
260 _aNew Jersey
_bGRANT GROSS
_cNA
300 _a581p;
942 _cEK
999 _c9853
_d9853